00456 2200157 4500001002100000008004100021035002000062245010700082100002000189250000600209260003500215084001400250082000800264650001400272990001200286INLIS000000000001557 ind  a0010-0125000055 aKesalahan-Kesalahan Fatal Paling Seing Dilakukan Guru Dalam Kegiatan Belajar MengajarcMasykur Arif R. aArif R, Masykur a1 aYogyakarta :bDiva Pressc2011 a370 MAS k a370 aNon Fiksi a0715086